| 000 | 00000nam 2200000zi 4500 |
| 001 | 9.938874 |
| 003 | CaOODSP |
| 005 | 20241125162001 |
| 006 | m o d f |
| 007 | cr bn||||||||| |
| 008 | 240531e19910328onc ob f00| 0|eng d |
| 040 | |aCaOODSP|beng|erda|cCaOODSP |
| 043 | |an-cn--- |
| 086 | 1 |aCo22-700/2-1991E-PDF |
| 100 | 1 |aTownsend, David, |eauthor. |
| 245 | 10|aMandatory radio standards in Canada : |bphase II / |cprincipal investigators: David Townsend, J.J. O'Shaughnessy. |
| 264 | 1|a[Ottawa] : |b[Department of Communications], |cMarch 28, 1991. |
| 300 | |a1 online resource (viii, 152 pages, annex 31) |
| 336 | |atext|btxt|2rdacontent |
| 337 | |acomputer|bc|2rdamedia |
| 338 | |aonline resource|bcr|2rdacarrier |
| 500 | |aDigitized edition from print [produced by Innovation, Science and Economic Development Canada]. |
| 500 | |aIssued also in French under title: Les normes radioeléctriques obligatoires au Canada : phase II. |
| 500 | |a"This study was performed pursuant to Research Contract 36100-0-7365 between the Department of Communications for Canada (DOC) and The University of New Brunswick (UNB)." |
| 504 | |aIncludes bibliographical references. |
| 650 | 0|aRadio broadcasting|xStandards|zCanada. |
| 650 | 0|aRadio broadcasting policy|zCanada. |
| 710 | 1 |aCanada. |bDepartment of Communications, |eissuing body. |
| 775 | 08|tLes normes radioeléctriques obligatoires au Canada : |w(CaOODSP)9.945486 |
| 856 | 40|qPDF|s3.00 MB|uhttps://publications.gc.ca/collections/collection_2024/isde-ised/co22/Co22-700-2-1991-eng.pdf |